Technology gap in perspective : Strategy of international technology transfer

Conceived in three parts, this volume enables the analyst to view the technology gap in perspective of the total system...

Na minha lista:
Detalhes bibliográficos
Autor principal: Spencer, Daniel Lloyd
Formato: Livro
Idioma:Undetermined
Publicado em: New York Spartan Books 1970
Assuntos:
Tags: Adicionar Tag
Sem tags, seja o primeiro a adicionar uma tag!
Thư viện lưu trữ: Trung tâm Học liệu Trường Đại học Cần Thơ
LEADER 00728nam a2200205Ia 4500
001 CTU_223271
008 210402s9999 xx 000 0 und d
082 |a 338.4 
082 |b S745 
100 |a Spencer, Daniel Lloyd 
245 0 |a Technology gap in perspective : 
245 0 |b Strategy of international technology transfer 
245 0 |c Daniel Lloyd Spencer 
260 |a New York 
260 |b Spartan Books 
260 |c 1970 
520 |a Conceived in three parts, this volume enables the analyst to view the technology gap in perspective of the total system... 
650 |a Technology transfer,Chuyển giao công nghệ 
904 |i Vũ Anh, Giang 
980 |a Trung tâm Học liệu Trường Đại học Cần Thơ